| 000 | nam a22 7a 4500 | ||
|---|---|---|---|
| 999 |
_c127905 _d127905 |
||
| 008 | 180412b xxu||||| |||| 00| 0 eng d | ||
| 050 | _aPG3326.P6 | ||
| 100 |
_aDostoievski, Fyodor _941440 |
||
| 245 |
_aO Jogador _c\by Fyodor Dostoevsky |
||
| 260 |
_aLisboa: _bComposto por publicomer |
||
| 300 |
_a190p.; _c19cm. |
||
| 440 |
_aBiblioteca Basica verbo _n3 _941441 |
||
| 700 |
_aLuis, Arcmando _etr. _941442 |
||
| 942 |
_2lcc _cMONOGRAPH |
||